| 000 | 01712nam0a2200373 4500 | ||
|---|---|---|---|
| 001 | RU\NLR\bibl\1842194 | ||
| 005 | 20260408073131.0 | ||
| 035 | _a(nilc)RSL-KNO-004799459 | ||
| 035 | _a(NLR Aleph) 001832648 | ||
| 090 |
_a2160664 _c2160664 |
||
| 100 | _a20101108d2009 |||y0rusy50 ca | ||
| 101 | 0 |
_arus _aeng |
|
| 102 | _aRU | ||
| 105 | _aa zzzz||||| | ||
| 200 | 1 |
_aМастера тундры _dTundra crafters _f[Прогр. канад.-рос. сотрудничества в обл. развития сев. территорий (НОРДЕП) _gпер.: Николай Шматков _gред. текста на англ. яз.: Дорис Броке] _zeng |
|
| 210 |
_aСалехард _c[б.и.] _d2009 |
||
| 215 |
_a84 с. _cил., цв. ил., портр. _d30 |
||
| 300 | _aТекст парал. на рус. и англ. яз. | ||
| 320 | _aБиблиогр.: с. 84 (6 назв.) | ||
| 510 | 1 |
_aTundra crafters _zeng |
|
| 606 | 1 |
_aРемесла _yЯмало-Ненецкий автономный округ _92114955 _3RU\NLR\auth\661581297 |
|
| 686 |
_aУ9(2Р-4Тю-6Я)29,0 _2rubbk |
||
| 686 |
_aУ9(2Р-4Тю-6Я)307.981,0 _2rubbk |
||
| 686 | _aУ30(28)09 | ||
| 686 | _aТ3(2Р-4Тю-6Я) | ||
| 686 | _aТ52(2Р53-4Тю-6Я)-4 | ||
| 702 | 1 |
_aБроке _bД. _gДорис _4340 |
|
| 712 | 0 | 2 |
_4570 _aПрограмма канадско-российского сотрудничества в области развития северных территорий _3RU\NLR\AUTH\8810215976 _9318006 |
| 801 | 0 |
_aRU _bРГБ _c20101108 _grcr |
|
| 801 | 1 |
_aRU _bРГБ _c20101108 |
|
| 801 | 2 |
_aRU _bNLR _c20111201 _grcr |
|
| 942 | _cBOOK | ||
| 980 | _aNB | ||